:اليسار العربى فى مواجهة العولمة النيوليبرالية (Record no. 12677)
[ view plain ]
| 000 -الفاتح | |
|---|---|
| حقل البيانات ثابتة الطول | 01154nam a22001937a 4500 |
| 008 - عناصر البيانات ثابتة الطول - معلومات عامة | |
| حقل البيانات ثابتة الطول | 090823s2008 le|| |||r 10 100 0 ara d |
| 020 ## - الرقم الدولى المعيارى للكتب | |
| الرقم الدولى المعيارى للكتاب | 9789953713397 |
| 082 ## - رقم تصنيف ديوى العشرى | |
| رقم الطبعة | 22 |
| رقم المادة | ي س ا |
| رقم التصنيف | 320.530974927 |
| 245 ## - بيان العنوان | |
| العنوان | :اليسار العربى فى مواجهة العولمة النيوليبرالية |
| بيان المسئوليه,etc | ندوة نظمها مركز مهدي عامل الثقافي والحزب الشيوعي اللبناني نهاري السبت والأحد الموافق فيهما 19 و 20 أيار /مايو 2000، قصر الأونيسكو- بيروت / |
| بقية العنوان | مركز مهدي عامل الثقافي |
| 260 ## - PUBLICATION, DISTRIBUTION, ETC. (IMPRINT) | |
| مكان الناشر او الموزع | بيروت: |
| اسم الناشر او الموزع | دار الفارابى،2008 |
| تاريخ النشر أو التوزيع | 2008 |
| 300 ## - الوصف المادى | |
| التعداد | 342 ص؛ |
| أبعاد الوعاء | 24 سم |
| 500 ## - تبصرة عامة | |
| تبصرة عامة | على الغلاف: أعمال الندوة الفكرية |
| 650 ## - المدخل الاضافى بالموضوع-مصطلح موضوعى | |
| 9 (RLIN) | 13591 |
| مصطلح موضوعي أو اسم جغرافي كعنصر مدخل | الإشتراكية |
| 650 ## - المدخل الاضافى بالموضوع-مصطلح موضوعى | |
| 9 (RLIN) | 13590 |
| مصطلح موضوعي أو اسم جغرافي كعنصر مدخل | الشيوعية |
| 650 ## - المدخل الاضافى بالموضوع-مصطلح موضوعى | |
| 9 (RLIN) | 8057 |
| مصطلح موضوعي أو اسم جغرافي كعنصر مدخل | العولمة |
| 710 ## - المدخل الاضافى - اسم هيئه | |
| 9 (RLIN) | 14730 |
| اسم الهيئة أو اسم السلطة كمدخل | مركز مهدي عامل الثقافي |
| 942 ## - عناصر المدخل الإضافي( كوها) | |
| مصدر التصنيف او مخطط الترفيف | Dewey Decimal Classification |
| Koha [default] item type | Book - Borrowing |
| حالة التراجع | حالة الفقد | مصدر التصنيف او خطة الترفيف | حالة تلف | ليس للاعارة | مجموعات كوها | المكان الدائم | المكان الحالي | موقع الترفيف | تاريخ الاكتساب | Source of acquisition | سعر الشراء الطبيعي | تعداد مسلسل / التسلسل الزمني | رقم الاستدعاء | الباركود | Date last seen | نوع الوعاء |
|---|---|---|---|---|---|---|---|---|---|---|---|---|---|---|---|---|
| Dewey Decimal Classification | Madboly | Central Library | Central Library | First floor | 26/08/2009 | Purchase | 60.00 | 2358 | 320.530974927 ي س ا | 000018027 | 15/07/2025 | Book - Borrowing |